| 000 | 00000nam 2200000za 4500 |
| 001 | 9.676565 |
| 003 | CaOODSP |
| 005 | 20241125103532 |
| 007 | cr ||||||||||| |
| 008 | 150407|1988||||xxc|||||o f|0| 0 eng d |
| 040 | |aCaOODSP|beng |
| 041 | |aeng |
| 041 | |afre |
| 043 | |an-cn--- |
| 086 | 1 |aCS95-F0145/1988-PDF |
| 245 | 00|aSummary tabulations of language, place of birth, citizenship, immigration, income, household and dwelling characteristics - Canada, provinces and territories |h[electronic resource] |
| 246 | 1 |iSeries title also given on publication as : |a1986 Census of Canada - data collected from 20% sample households |
| 260 | |aOttawa : |bStatistics Canada, |c1988. |
| 500 | |aHistorical census publication digitized by Statistics Canada. |
| 590 | |a13-07-Supp|b2013-03-25 |
| 690 | 07|aCensus data|2gcpds |
| 690 | 07|aDemographic statistics|2gcpds |
| 710 | 2 |aStatistics Canada. |
| 792 | |tTotalisations sommaires : langue, lieu de naissance, citoyenneté, immigration, revenu, ménage et caractéristiques des logements - Canada, provinces et territoires |efre|w(CaOODSP)9.676566 |
| 856 | 40|ahttp://publications.gc.ca|qPDF|s11627 KB|uhttps://publications.gc.ca/collections/collection_2013/statcan/rh-hc/CS95-F0145-1988.pdf |